000 00623nam a2200205 i 4500
001 77996
003 ES-MaACL
007 t|
008 041008s1954 sp ||||1| spa d
100 1 _aHamrin, Agne.
_961704
245 1 3 _aEl Nilo crece /
_cAgne Hamrin ; [versión española de Gonvor Hosfseth].
250 _a[1ª ed.].
260 _aBarcelona :
_bEdiciones y Publicaciones,
_c1954 (
_fJuventud)
300 _a312 p., 16 lám. ;
_c22 cm.
490 1 _aEl mundo es así
700 1 _aHosfseth, Gonvor.
_964281
830 0 _aEl mundo es así
_9184035
852 _aES-MaACL
_jC-6526
_bR.35796
999 _c77996
_d77996